00926nam a2200241 i 450000100060000000300090000600500170001500800410003202000180007302000180009108000240010910000370013324501340017026000680030430000280037250400200040060000370042070000400045770000260049785200220052399900170054595201220056211238ES-MaACL20260526180131.0960326s1995 sp ||||1| spa d a84-7444-918-9 a84-226-5435-0 a929:75 Kahlo, Frida1 aKahlo, Frida,d1907-1954924313813aEl diario de Frida Kahlob: un íntimo autorretrato /cintroducción de Carlos Fuentes ; ensayo y comentarios de Sarah M. Lowe. aMadrid :bDebate ;aBarcelona :bCírculo de Lectores,c[1995] a296 p. :bil. ;c25 cm. aBibliografía.10aKahlo, Frida,d1907-195492431381 aFuentes, Carlos,d1928-201292423781 aLowe, Sarah M.974376 aES-MaACLjL-18659 c11238d11238 00104070aATENEOMbATENEOMcDEPO2d2008-01-17eSCl0oL-18659p1011460r2023-02-23 00:00:00w2023-02-23yMONOGRAFIA